000
00294nam a2200133Ia 4500
100
_a
Brightman/ R.W./ Dimsdale
942
_c
BK
654
_a
Microcomputers
245
_a
Using Microcompurters
260
_b
Galgotia Pub
_a
New Delhi
_c
1990
300
_a
266
546
_a
ENGLISH
999
_c
23282
_d
23282